00307nam a2200121Ia 4500008004100000100001500041245004800056260002700104300000800131650002400139942000700163999001500170190216s9999||||xx |||||||||||||| ||und|| aPrabhakarn 0aManual Of Laboratory Technology: Chemistory bPearson Education Asia a201 aChemistry-Chemistry cBK c3396d3396